Logic học /
Nội dung cuốn sách gồm có 7 chương :
Saved in:
| Main Author: | |
|---|---|
| Other Authors: | |
| Format: | Book |
| Language: | Vietnamese |
| Published: |
Tp,Hồ Chí Minh :
Tp. Hồ Chí Minh ,
2004
|
| Edition: | In lần thứ 1 |
| Subjects: | |
| Tags: |
Add Tag
No Tags, Be the first to tag this record!
|
| Institutions: | Thư viện Trường CĐ Kỹ Thuật Cao Thắng |
|---|
| LEADER | 01217nam a2200301 a 4500 | ||
|---|---|---|---|
| 001 | TVCDKTCT11248 | ||
| 003 | Thư viện trường Cao đẳng Kỹ thuật Cao Thắng | ||
| 005 | 20090827000000 | ||
| 008 | 090827 | ||
| 980 | \ | \ | |a Thư viện Trường CĐ Kỹ Thuật Cao Thắng |
| 024 | |a RG_1 #1 eb0 i1 | ||
| 041 | 0 | # | |a vie |
| 082 | # | # | |a 160 / |b L400G-t |
| 100 | 1 | # | |a Nguyễn Anh Tuấn |
| 245 | 0 | 0 | |a Logic học / |c Nguyễn Anh Tuấn, Tô Duy Hợp |
| 250 | # | # | |a In lần thứ 1 |
| 260 | # | # | |a Tp,Hồ Chí Minh : |b Tp. Hồ Chí Minh , |c 2004 |
| 300 | # | # | |a 308tr. ; |c 20cm |
| 520 | # | # | |a Nội dung cuốn sách gồm có 7 chương : |
| 520 | # | # | |a Chương 1 : Đặc điểm đối tượng và phương pháp của Logic học |
| 520 | # | # | |a Chương 2 : Các quy luật cơ bản của tư duy hình thức |
| 520 | # | # | |a Chương 3 : Khái niệm |
| 520 | # | # | |a Chương 4 : Phán đoán |
| 520 | # | # | |a Chương 5 : Suy luận |
| 520 | # | # | |a Chương 6 : Chứng minh bác bỏ |
| 520 | # | # | |a Chương 7 : Giả thuyết |
| 650 | # | 4 | |a Logic |
| 700 | 0 | # | |a Tô Duy Hợp |